00922nam a2200217 a 450000100100000000500170001000800410002702000150006804000250008310000240010824501040013226000440023630000280028049000370030850001270034570000290047270000370050183000440053895201050058299900170068700004458020201002045457.0140718s2000 sp a 000 0 spa d a8479275006 aDO-SdBNPbspacBNPHU1 aKelly, Jason97260610aCómo ganar dinero en internet /cJason Kelly ; traducción de David Zurdo y Ángel Gutiérrez. aBarcelona :bVictor [Robinbook],c2000. a253 p. :bil. ;c20 cm.1 aEficacia empresarial-profesional aSubtítulo de la cubierta: Guía para hacer negocios en la red. Incluye las direcciones de los sitios web más útiles1 aZurdo, Davidetr.9726071 aGutiérrez, Ángeletr.914748 0aEficacia empresarial-profesional972608 001050718MOaGRbGRcCTd2014-07-18iLF1l0o p44580-10r2020-06-25w2020-06-25y1ZNo se presta c44069d44069